Training for social work/ (Record no. 7366)

MARC details
000 -LEADER
fixed length control field 01077 a2200229 4500
005 - DATE AND TIME OF LATEST TRANSACTION
control field 20080925115048.0
008 - FIXED-LENGTH DATA ELEMENTS--GENERAL INFORMATION
fixed length control field 080925t xxu||||| |||| 00| 0 eng d
010 ## - LCCN (DPL NO)
LC control number ENG-87908-09
020 ## - INTERNATIONAL STANDARD BOOK NUMBER
International Standard Book Number 8189557734 (set)
Terms of availability 1295.00 (set)
035 ## - SYSTEM CONTROL NUMBER
System control number EN-71441-42
037 ## - SOURCE OF ACQUISITION
Source of stock number/acquisition DBAD / PUB
082 ## - DEWEY DECIMAL CLASSIFICATION NUMBER
Classification number 361.3
245 ## - TITLE STATEMENT
Title Training for social work/
Statement of responsibility, etc edited by Prakash M. Katare
260 ## - PUBLICATION, DISTRIBUTION, ETC. (IMPRINT)
Place of publication, distribution, etc New Delhi
Name of publisher, distributor, etc Arise Publishers & Distributors
Date of publication, distribution, etc 2007
270 ## - ADDRESS
Address 4648/1, 21, Ansari Road, Darya Ganj,
City New Delhi
Postal code 110 002
300 ## - PHYSICAL DESCRIPTION
Extent 2 V. (287p.; 289-535p.)
Dimensions 22cm (Hb)
500 ## - GENERAL NOTE
General note This book published in 2 vols. and set price is 1295.00.
700 ## - ADDED ENTRY--PERSONAL NAME
Personal name Katare, Prakash M.
942 ## - ADDED ENTRY ELEMENTS (KOHA)
Institution code [OBSOLETE] dpl
Item type English Books
Call number prefix 361.3 / TRA
Source of classification or shelving scheme Dewey Decimal Classification
Classification part 361.3
Call number suffix TRA
Holdings
Withdrawn status Lost status Source of classification or shelving scheme Damaged status Not for loan Collection code Home library Current library Date acquired Cost, normal purchase price Total Checkouts Total Renewals Full call number Barcode Date last seen Copy number Cost, replacement price Koha item type
    Dewey Decimal Classification   Not For Loan Non-fiction D.B.Act.Division D.B.Act.Division 25/09/2008 1295.00     361.3 TRA EN-71441 15/09/2008 1 1295.00 English Books
    Dewey Decimal Classification   Not For Loan Non-fiction D.B.Act.Division D.B.Act.Division 25/09/2008 1295.00     361.3 TRA EN-71442 15/09/2008 1 1295.00 English Books

© Delhi Public Library
Hit Counter
free hit counter